[Event "TCh-CZE Liga 1 Zapad"]
[Site "Czech Rep CZE"]
[Date "2011.10.30"]
[Round "2.4"]
[White "Vokac, Marek"]
[Black "Freisler, Pavel"]
[Result "1-0"]
[WhiteElo "2471"]
[BlackElo "2323"]

1.d4 Nf6 2.c4 e6 3.Nf3 Bb4+ 4.Bd2 Qe7 5.g3 Nc6 6.Bg2 Bxd2+ 7.Nbxd2 d6 8.O-O O-O
9.e4 e5 10.d5 Nb8 11.Ne1 Nbd7 12.Nd3 Nc5 13.Nxc5 dxc5 14.f4 Ne8 15.Qh5 Nf6
16.Qe2 Re8 17.Rae1 Qd6 18.Qd3 Nd7 19.Bh3 f6 20.Bxd7 Bxd7 21.f5 a6 22.Rf3 b5
23.Rc1 b4 24.Qe3 Ba4 25.g4 h6 26.Kf2 Kf7 27.Rg3 Rh8 28.Nf3 Be8 29.Ne1 c6
30.Nd3 cxd5 31.cxd5 c4 32.Rxc4 Bb5 33.Rc1 Rhc8 34.Nc5 Kg8 35.Rgg1 a5 36.h4 Qb6
37.g5 hxg5 38.hxg5 fxg5 39.Ne6 Qxe3+ 40.Kxe3 Rxc1 41.Rxc1 g6 42.fxg6 Bd7
43.Nxg5 Kg7 44.Rc7 Kxg6 45.Nf3  1-0

[Event "World Youth U16 Ol"]
[Site "Kocaeli TUR"]
[Date "2011.10.31"]
[Round "10.18"]
[White "Girish,A"]
[Black "Emiroglu,C"]
[Result "1-0"]
[WhiteElo "2379"]
[BlackElo "2242"]

1.d4 Nf6 2.c4 e6 3.Nf3 Bb4+ 4.Bd2 Qe7 5.g3 Bxd2+ 6.Qxd2 Ne4 7.Qc2 Qb4+ 8.Nbd2 Nxd2
9.Nxd2 Qe7 10.Bg2 d6 11.O-O Nd7 12.Rac1 c5 13.dxc5 dxc5 14.Rfd1 O-O 15.Ne4 Rb8
16.Rd2 b6 17.Rcd1 Ne5 18.Nd6 Bd7 19.Qc3 f6 20.f4 Ng6 21.h4 Be8 22.Qe3 f5
23.h5 Nh8 24.Bd5 Bd7 25.Bf3 Be8 26.Qe5 Rd8 27.e4 fxe4 28.Bg4 Bd7 29.Nb7 Nf7
30.Qc7 Rb8 31.Rxd7 Qf6 32.Nd6 Nxd6 33.Qxd6 Qxb2 34.Qxe6+ Kh8 35.h6 Rg8 36.hxg7+ Rxg7
37.Rd8+  1-0

[Event "6th Kavalier Open"]
[Site "Vienna AUT"]
[Date "2011.11.01"]
[Round "7"]
[White "Paseka,C"]
[Black "Teichmeister,S"]
[Result "0-1"]
[WhiteElo "1752"]
[BlackElo "2044"]

1.d4 Nf6 2.Nf3 e6 3.c4 Bb4+ 4.Bd2 Qe7 5.a3 Bxd2+ 6.Qxd2 d6 7.Nc3 e5 8.dxe5 dxe5
9.e3 O-O 10.Be2 Nbd7 11.O-O Nc5 12.Qc2 Bg4 13.b4 e4 14.Ne1 Bxe2 15.Qxe2 Qe5
16.Qc2 Ne6 17.Rd1 Rad8 18.Rxd8 Rxd8 19.Qc1 Ng4 20.g3 Ng5 21.h4 Ne6 22.Qc2 f5
23.Ng2 Rd3 24.Rc1 Qd6 25.Rd1 Rxc3 26.Rxd6 Rxc2 27.Rxe6 Kf7 28.Nf4 Rxf2 29.c5 Rxf4
30.exf4 Kxe6  0-1

[Event "15th OIBM"]
[Site "Bad Wiessee GER"]
[Date "2011.11.05"]
[Round "8.36"]
[White "Grandadam,N"]
[Black "Babar,M"]
[Result "0-1"]
[WhiteElo "2336"]
[BlackElo "2175"]

1.Nf3 Nf6 2.c4 e6 3.d4 Bb4+ 4.Bd2 Qe7 5.g3 b6 6.Bg2 Bb7 7.O-O Bxd2 8.Qxd2 d6
9.d5 e5 10.Nc3 a5 11.Nh4 Bc8 12.f4 exf4 13.Rxf4 O-O 14.Raf1 Ng4 15.e4 Ne5
16.b3 Qd8 17.R4f2 Bg4 18.Nb5 Na6 19.Nd4 Nc5 20.h3 Bxh3 21.Bxh3 Nxe4 22.Qe3 Nxf2
23.Rxf2 a4 24.Nhf5 axb3 25.axb3 Ra1+ 26.Kg2 Re8 27.Qc3 Ra3 28.Qb2 Ra8 29.Qc2 Ra1
30.Qc3 Ra8 31.Qd2 Ra3 32.Qf4 Ra1 33.Bg4 Qf6 34.Nc6 Kh8 35.Nxe5 Rxe5 36.Kh2 Ree1
37.Bf3 g6 38.Qd4 Qe5 39.Qxe5+ dxe5 40.d6 cxd6 41.Nxd6 f5 42.g4 e4 43.gxf5 gxf5
44.Nxf5 exf3 45.Rxf3 Rf1 46.Rxf1 Rxf1 47.Ne7 Rb1  0-1

[Event "1st Panama Open"]
[Site "Panama City PAN"]
[Date "2011.11.05"]
[Round "6.15"]
[White "Cu Hor,W"]
[Black "Gallegos,Ca"]
[Result "0-1"]
[WhiteElo "2215"]
[BlackElo "2404"]

1.d4 Nf6 2.c4 e6 3.Nf3 Bb4+ 4.Bd2 Qe7 5.a3 Bxd2+ 6.Nbxd2 d6 7.e4 e5 8.d5 a5
9.b4 O-O 10.g3 Bg4 11.Bg2 axb4 12.axb4 Na6 13.Rb1 c5 14.dxc6 bxc6 15.O-O Rfb8
16.b5 Nc5 17.Qe2 Bxf3 18.Nxf3 Qc7 19.Rfd1 h6 20.Rb2 Rb6 21.bxc6 Rab8 22.Rxb6 Rxb6
23.Nh4 Rxc6 24.Nf5 Kh7 25.Qd2 Ncxe4 26.Qd3 Rxc4 27.Re1 Rc1 28.Qe3 Rxe1+ 29.Qxe1 d5
30.Ne3 Qc5 31.Qa1 Nxf2  0-1

[Event "12th Metropolitan Inv"]
[Site "Los Angeles USA"]
[Date "2011.11.12"]
[Round "7"]
[White "Kudryavtsev,V"]
[Black "Kavutskiy,K"]
[Result "1/2-1/2"]
[WhiteElo "2097"]
[BlackElo "2303"]

1.c4 e6 2.d4 Nf6 3.Nf3 Bb4+ 4.Bd2 c5 5.Bxb4 cxb4 6.Nbd2 b6 7.e4 O-O 8.e5 Ne8
9.Bd3 f5 10.O-O Bb7 11.Qb3 a5 12.Rfe1 g5 13.h3 Ng7 14.Qd1 h5 15.g3 g4 16.Nh4 Qg5
17.Ng2 Nc6 18.h4 Qh6 19.d5 Ne7 20.Nf4 Ng6 21.Nxg6 Qxg6 22.Qb3 Qf7 23.Rad1 Kh8
24.Bf1 exd5 25.cxd5 Bxd5 26.Bc4 Be6 27.Bxe6 dxe6 28.Nc4 f4 29.Nd6 Qg6 30.Qd3 Qh6
31.Qd2 Qg6 32.Qd3 Qh6 33.Qd2 Qg6 34.Qd3  1/2-1/2

[Event "TCh-CZE Liga 1 Zapad"]
[Site "Czech Rep CZE"]
[Date "2011.11.13"]
[Round "3.3"]
[White "Kucera,P1"]
[Black "Voloshin,L"]
[Result "0-1"]
[WhiteElo "2386"]
[BlackElo "2449"]

1.d4 Nf6 2.c4 e6 3.Nf3 Bb4+ 4.Bd2 a5 5.Nc3 b6 6.a3 Bxc3 7.Bxc3 Ne4 8.Qc2 Bb7
9.e3 a4 10.Bd3 Nxc3 11.bxc3 d6 12.Rb1 Qe7 13.O-O g6 14.Nd2 O-O 15.Be4 Bxe4
16.Nxe4 Nc6 17.Nd2 e5 18.Qe4 Qd7 19.Qh4 f5 20.f4 e4 21.Rb5 Na5 22.Rfb1 Qf7
23.g4 fxg4 24.Qxg4 Nxc4 25.Nxc4 Qxc4 26.Rg5 Kh8 27.Qh3 Rf6 28.Rf1 Raf8 29.Rc1 Qd3
30.Qg3 Qd2 31.Qe1 Qxe1+ 32.Rxe1 Rf5 33.Rxf5 Rxf5 34.Rb1 g5 35.Rb4 gxf4 36.exf4 Rxf4
37.d5 Kg7 38.Rc4 Kf6 39.Rxc7 e3 40.Rd7 e2 41.Rxd6+ Kf5  0-1

[Event "TCh-HUN 2011-12"]
[Site "Decs HUN"]
[Date "2011.11.13"]
[Round "3"]
[White "Farago,I"]
[Black "Amstadt,A"]
[Result "1/2-1/2"]
[WhiteElo "2488"]
[BlackElo "2250"]

1.d4 Nf6 2.c4 e6 3.Nf3 Bb4+ 4.Bd2 Qe7 5.g3 Nc6 6.Nc3 Bxc3 7.Bxc3 Ne4 8.Rc1 Nxc3
9.Rxc3 d6 10.d5 Nb8 11.dxe6 Bxe6 12.Bg2 Nc6 13.Nd4 Nxd4 14.Qxd4 O-O 15.O-O c6
16.Rd1 Rfd8 17.Rcd3 h6 18.b3 d5 19.cxd5 Bxd5 20.e4 c5 21.Qc3 Bc6 22.f3 Rxd3
23.Qxd3 Kf8 24.Bh3 Ke8 25.Qc3 Kf8 26.Rc1 Rd8 27.Qxc5 Qxc5+ 28.Rxc5 Rd2 29.Ra5 a6
30.Bf1 Rd1 31.Kf2 Rd2+ 32.Kg1 Rd1 33.Kf2 Rd2+ 34.Ke3 Rxh2 35.Be2 Rh1 36.Rc5 Ke7
37.e5 Re1 38.Kf2 Ra1 39.Rc2 a5 40.f4 f6 41.Bf3 Bxf3 42.exf6+ Kxf6 43.Kxf3 h5
44.a4 Rb1 45.Rc3 g6 46.Ke4 g5 47.Rd3 gxf4 48.Kxf4 Rf1+ 49.Ke4 Ke6 50.Kd4 Kd6
51.Re3 Rd1+ 52.Kc4 Rd5 53.Re7 Rc5+ 54.Kd4 b6 55.Rg7 Rc1 56.Rg6+ Kc7 57.Rg5 Rh1
58.Kc4 h4 59.Rg7+ Kc6 60.Rg6+ Kc7 61.g4 h3 62.Kb5 Rb1 63.Rg7+ Kd6 64.Rh7 Rxb3+
65.Ka6 Ke5 66.Rf7 h2 67.Rf1 Rg3 68.Rh1 Rxg4 69.Kxb6 Rxa4 70.Rxh2 Ra1 71.Rh5+  1/2-1/2

[Event "TCh-HUN 2011-12"]
[Site "Szombathely HUN"]
[Date "2011.11.13"]
[Round "3"]
[White "Szeberenyi,A"]
[Black "Polak,T"]
[Result "1/2-1/2"]
[WhiteElo "2309"]
[BlackElo "2543"]

1.d4 Nf6 2.c4 e6 3.Nf3 Bb4+ 4.Bd2 Qe7 5.g3 Nc6 6.Bg2 Bxd2+ 7.Nbxd2 d6 8.O-O O-O
9.e4 e5 10.d5 Nb8 11.b4 a5 12.a3 Na6 13.Re1 Bd7 14.Qb3 axb4 15.axb4 c5 16.b5 Nb4
17.Ra4 Rxa4 18.Qxa4 Nh5 19.Ra1 g6 20.Ne1 f5 21.Nc2 Nxc2 22.Qxc2 f4 23.Ra7 Bc8
24.Qd1 Qf7 25.g4 Nf6 26.f3 Qe7 27.h4 h6 28.Qe1 Kg7 29.Ra3 Nd7 30.Bf1 Nb6
31.Be2 Bd7 32.Ra7 Bc8 33.Ra3 Kh7 34.Nf1 Bd7 35.Nh2 Rb8 36.Ra7 Nc8 37.Ra1 Qd8
38.Qa5 Nb6 39.Kg2 Kg7 40.Nf1 Kf7 41.Nd2 Ra8 42.Qxb6 Qxb6 43.Rxa8 Qc7 44.Nb3 b6
45.Ra1 Ke7 46.Kf2 Kd8 47.Ra6 Bc8 48.Ra1 Qe7 49.Rh1 Kc7 50.Kg2 Kb8 51.Kf2 Bd7
52.Kg2 Kb7 53.Kf2 Qd8 54.Kg2 Bc8 55.Kf2 Kb8 56.Kg2 Kc7 57.Kf2 Kd7 58.Kg2 Ke8
59.Kf2 Kf7 60.Kg2 Qe7 61.Kf2 Kf6 62.Kg2 Qh7 63.Bd3 Qa7 64.Ra1 Qd7 65.Rh1 Qa7
66.Ra1 Qd7  1/2-1/2

[Event "21st World Seniors"]
[Site "Rijeka CRO"]
[Date "2011.11.15"]
[Round "1.29"]
[White "Sattler,F"]
[Black "Sloth,J"]
[Result "0-1"]
[WhiteElo "2028"]
[BlackElo "2349"]

1.d4 Nf6 2.c4 e6 3.Nf3 Bb4+ 4.Bd2 Qe7 5.a3 Bxd2+ 6.Nbxd2 d6 7.e4 e5 8.dxe5 dxe5
9.Qc2 c5 10.Bd3 Nc6 11.O-O Bg4 12.Rfe1 O-O 13.h3 Bxf3 14.Nxf3 Rfd8 15.Rad1 Nd4
16.Nxd4 Rxd4 17.f3 Rad8 18.Bf1 Nh5 19.Rxd4 Rxd4 20.Rd1 Qg5 21.Rxd4 exd4 22.Qf2 Qf4
23.g4 Nf6 24.Qh2 g5 25.Qxf4 gxf4 26.Kf2 Nd7 27.b3 Ne5 28.Be2 f6 29.h4 Ng6
30.h5 Ne5 31.Bd1 Kg7 32.Bc2 Kh6 33.Ke2 Kg5 34.Bd1 Kh4 35.Kf2 Kh3 36.Be2 h6
37.Bf1+ Kh2 38.Be2 Kh1 39.Kf1 Kh2 40.Kf2 d3 41.Bd1 a5 42.Ke1 Kg2 43.Kd2 Kf2
44.b4 b6 45.bxc5 bxc5 46.a4 Kg2 47.Kc3 Kf1 48.Kd2 Kf2  0-1

[Event "5th Mediterranean Open"]
[Site "Rijeka CRO"]
[Date "2011.11.18"]
[Round "8.8"]
[White "Solomon,K"]
[Black "Jovanic,O"]
[Result "1/2-1/2"]
[WhiteElo "2426"]
[BlackElo "2476"]

1.d4 Nf6 2.Nf3 e6 3.c4 Bb4+ 4.Bd2 a5 5.g3 d5 6.Bg2 dxc4 7.O-O O-O 8.Qc2 Bxd2
9.Nbxd2 b5 10.a4 c6 11.b3 cxb3 12.Nxb3 Ba6 13.Nc5 Nbd7 14.Ne5 Nxe5 15.dxe5 Nd5
16.Rfd1 Qc8 17.axb5 Bxb5 18.Ne4 h6 19.Rd4 Qb8 20.Nd6 Ra7 21.Rg4 f6 22.Qg6 Bxe2
23.Be4 f5 24.Rh4 Kh8 25.Rb1 Qd8 26.Bc2 Qe7 27.Rb2 Bb5 28.Rb1 a4 29.Rxh6+ gxh6
30.Qxh6+ Kg8 31.Qg6+ Kh8 32.Qh6+ Kg8 33.Qg6+ Kh8 34.Qh6+  1/2-1/2

[Event "Max Euwe Mem Gp1"]
[Site "Amsterdam NED"]
[Date "2011.11.19"]
[Round "5"]
[White "Van der Sterren,P"]
[Black "Cramling,P"]
[Result "1-0"]
[WhiteElo "2514"]
[BlackElo "2495"]

1.d4 Nf6 2.c4 e6 3.Nf3 Bb4+ 4.Bd2 a5 5.g3 d6 6.Bg2 Nbd7 7.O-O e5 8.Nc3 exd4
9.Nxd4 O-O 10.Qc2 Re8 11.Rad1 Nc5 12.b3 c6 13.Bc1 Qb6 14.a3 Bxc3 15.Qxc3 d5
16.cxd5 cxd5 17.Be3 Nfe4 18.Qb2 Bd7 19.Rc1 Rac8 20.Rc2 h5 21.Rfc1 Qd6 22.Bf4 Qb6
23.Be3 Qd6 24.Nf3 Bf5 25.Bd4 Rc6 26.Bxg7 Qg6 27.Nh4 Qxg7 28.Qxg7+ Kxg7 29.Nxf5+ Kf6
30.Nd4  1-0

[Event "WYCC U14 Girls"]
[Site "Caldas Novas BRA"]
[Date "2011.11.19"]
[Round "2"]
[White "Virkud,Apurva"]
[Black "Mahalakshmi,M"]
[Result "1/2-1/2"]
[WhiteElo "1804"]
[BlackElo "1955"]

1.d4 Nf6 2.c4 e6 3.Nf3 Bb4+ 4.Bd2 Qe7 5.g3 Nc6 6.Bg2 Bxd2+ 7.Nbxd2 O-O 8.O-O d6
9.e4 e5 10.d5 Nb8 11.Ne1 a5 12.Nd3 Na6 13.a3 Bd7 14.b4 axb4 15.axb4 b5 16.Ra5 Rfb8
17.c5 c6 18.Nb3 cxd5 19.Qa1 Nc7 20.exd5 Rxa5 21.bxa5 Nfxd5 22.cxd6 Qxd6 23.Nxe5 Be6
24.Rd1 b4 25.Nc4 Qa6 26.Qd4 Qc8 27.Qc5 Nc3 28.Nb6 Qf8 29.Rd2 N7b5 30.Qxf8+ Rxf8
31.Nc5 b3 32.Nxe6 fxe6 33.Rb2 Nd4 34.a6 Ncb5 35.Bf1 Na7 36.Bc4 Rb8 37.Nd7 Rb4
38.Bf1 Kf7 39.Ne5+ Ke7 40.f4 Ndc6 41.Nxc6+ Nxc6 42.Be2 Rb6  1/2-1/2

[Event "WYCC U18 Girls"]
[Site "Caldas Novas BRA"]
[Date "2011.11.20"]
[Round "3"]
[White "Ambanwela,L"]
[Black "Tofano,D"]
[Result "0-1"]
[WhiteElo "1786"]
[BlackElo "1991"]

1.d4 Nf6 2.c4 e6 3.Nf3 Bb4+ 4.Bd2 Qe7 5.g3 Nc6 6.a3 Bxd2+ 7.Qxd2 d6 8.Bg2 Ne4
9.Qc2 f5 10.Nc3 Nxc3 11.Qxc3 O-O 12.O-O e5 13.dxe5 dxe5 14.b4 e4 15.Nd2 Qe5
16.Qe3 Be6 17.Rac1 Qd4 18.Qxd4 Nxd4 19.Rfe1 Rad8 20.e3 Nc6 21.Nb3 b6 22.Rc3 Rd7
23.f3 exf3 24.Bxf3 Ne5 25.Be2 g6 26.Nd4 Bf7 27.c5 Bd5 28.cxb6 cxb6 29.Rec1 Rff7
30.h3 Kg7 31.Kf2 Rde7 32.Rd1 Be4 33.Nb5 Rf6 34.Nd6 g5 35.Rd4 Nc6 36.Rd2 Ne5
37.Rd4 Nc6 38.Rd2 Kg6 39.Kg1 Ne5 40.Rd5 Bf3 41.Kf2 Bxe2 42.Kxe2 Rfe6 43.Kf2 h5
44.Nc4 Nd7 45.Rd6 Nf6 46.Rxe6 Rxe6 47.Kf3 Ne4 48.Rd3 g4+ 49.hxg4 hxg4+ 50.Kg2 b5
51.Nb2 Rc6 52.Nd1 Rc2+ 53.Kg1 Nxg3 54.Rd7 Rc1 55.Kg2 Ne4 56.Kh2 Kf6 57.Kg2 Ke5
58.Kh2 a6 59.Kg2 Rc2+ 60.Kf1 Rd2 61.Rxd2 Nxd2+ 62.Ke2 Nc4  0-1

[Event "21st World Seniors"]
[Site "Rijeka CRO"]
[Date "2011.11.23"]
[Round "8.20"]
[White "Grinberg,I"]
[Black "Pritchett,C"]
[Result "0-1"]
[WhiteElo "2203"]
[BlackElo "2343"]

1.d4 Nf6 2.c4 e6 3.Nf3 Bb4+ 4.Bd2 Qe7 5.Nc3 Bxc3 6.Bxc3 Ne4 7.Qc2 Nxc3 8.Qxc3 O-O
9.g3 d6 10.Bg2 Nd7 11.O-O e5 12.dxe5 dxe5 13.Nd2 c6 14.b4 Nf6 15.c5 e4 16.Nc4 Nd5
17.Qa3 Bg4 18.Ne3 Bxe2 19.Rfe1 Qe5 20.Bxe4 Qxe4 21.Rxe2 Qxb4 22.Qxb4 Nxb4
23.Rb1 Na6 24.Rc2 Rab8 25.Nc4 Nxc5 26.Na5 Ne6 27.Rxb7 Rxb7 28.Nxb7 Rb8 29.Nc5 Nxc5
30.Rxc5 Rb6 31.a4 Kf8 32.a5 Rb5 33.Rxc6 Rxa5 34.Rc7 h5 35.h4 g6 36.Kg2 Kg7
37.Rc6 Re5 38.Rc7 a5 39.Ra7 Kf6 40.Kf3 Ke6 41.Kf4 Rf5+ 42.Ke4 Kd6 43.Ra6+ Kc7
44.f3 Kb7 45.Rd6 a4 46.g4 Ra5 47.Rd2 a3 48.Ra2 Kc6 49.Kd4 Kb5 50.Ke5 Kb4+
51.Kf6 Ra7 52.gxh5 gxh5 53.f4 Kb3 54.Ra1 Kb2 55.Rg1 a2 56.f5 a1=Q 57.Rxa1 Kxa1
58.Kg7 Kb2 59.f6 Kc3 60.Kh6 Kd4 61.Kxh5 Ke5  0-1

[Event "21st World Seniors"]
[Site "Rijeka CRO"]
[Date "2011.11.24"]
[Round "9.3"]
[White "Chernikov,O1"]
[Black "Rashkovsky,N"]
[Result "1/2-1/2"]
[WhiteElo "2402"]
[BlackElo "2517"]

1.d4 Nf6 2.c4 e6 3.Nf3 Bb4+ 4.Bd2 Qe7 5.g3 Nc6 6.Nc3 d6 7.Bg2 O-O 8.O-O a5
9.Rc1 Bxc3 10.Bxc3 e5 11.e3 Bg4 12.Qc2 Nb4 13.Bxb4 axb4 14.c5 Bxf3 15.Bxf3 dxc5
16.Qxc5 Qxc5 17.Rxc5 e4 18.Bg2 Rxa2 19.Rxc7 Rxb2 20.Rxb7 h5 21.h3 Ra8 22.g4 hxg4
23.hxg4 Ra5 24.Re7 b3 25.Re5 Rxe5 26.dxe5 Nd5 27.Bxe4 Nc3 28.e6 Kf8 29.Bf5 g6
30.Bd3 Rd2 31.Bb1 fxe6 32.Kg2 g5 33.Rc1 Nd1 34.Kg3 Ke7 35.f4 Nxe3 36.fxg5 Rd1
37.Rxd1 Nxd1 38.Kf4 Nc3 39.Bd3 b2 40.Ke5 Nd5  1/2-1/2

[Event "21st World Seniors"]
[Site "Rijeka CRO"]
[Date "2011.11.25"]
[Round "10.4"]
[White "Rashkovsky,N"]
[Black "Mishuchkov,N"]
[Result "1/2-1/2"]
[WhiteElo "2517"]
[BlackElo "2418"]

1.Nf3 Nf6 2.d4 e6 3.c4 Bb4+ 4.Bd2 Bxd2+ 5.Qxd2 d5 6.e3 O-O 7.Nc3 Qe7 8.Rc1 Rd8
9.Qc2 dxc4 10.Bxc4 c5 11.O-O cxd4 12.Nxd4 Bd7 13.Qb3 Be8 14.Bb5 Nbd7 15.a4 Nb6
16.a5 Nbd5 17.Bxe8 Rxe8 18.Nxd5 Nxd5 19.Rc4 Rec8 20.Rfc1 Rxc4 21.Qxc4 a6
22.e4 Nf6 23.f3 Qd7 24.b4 h6 25.Nb3 Rd8 26.g3 g5 27.Qc3 Ne8 28.Nc5 Qd4+ 29.Qxd4 Rxd4
30.Rb1 Nd6 31.Rb3 e5 32.Rd3 Rxd3 33.Nxd3 f6 34.Nc5 Kf7 35.Kf2 Ke7 36.f4 g4
37.Ke3 h5 38.fxe5 fxe5 39.Kd3 Kd8 40.Ne6+ Kd7 41.Ng7 Ke7 42.Nf5+  1/2-1/2

[Event "3rd OCF Thanksgiving"]
[Site "Stillwater USA"]
[Date "2011.11.25"]
[Round "2.5"]
[White "Anderson,M"]
[Black "Crumpler,Ken"]
[Result "1-0"]
[WhiteElo "1837"]
[BlackElo "1753"]

1.d4 Nf6 2.c4 e6 3.Nf3 Bb4+ 4.Bd2 Qe7 5.a3 Bxd2+ 6.Nbxd2 O-O 7.e3 d6 8.Bd3 e5
9.dxe5 dxe5 10.Ne4 Nbd7 11.O-O Nxe4 12.Bxe4 Nf6 13.Qc2 c6 14.h3 h6 15.Rad1 Re8
16.Nh4 Nxe4 17.Qxe4 Qg5 18.Nf3 Qe7 19.Rd2 f5 20.Qc2 e4 21.Nd4 Qg5 22.Kh2 f4
23.exf4 Qxf4+ 24.g3 Qf7 25.Qd1 Re5 26.f4 Re8 27.Qe2 e3 28.Rc2 Qd7 29.Qh5 c5
30.Ne2 Kh8 31.Rcc1 b6 32.Rcd1 Qc6 33.Qd5 Bb7 34.Qxc6 Bxc6 35.Rd6 Rac8 36.g4 Red8
37.Re6 Re8 38.Rxe8+ Rxe8 39.Kg3 a6 40.Rd1 b5 41.Rd6 Bb7 42.cxb5 axb5 43.Rb6 Re7
44.f5 Be4 45.Rb8+ Kh7 46.Nf4 Bd5 47.Ng6 e2 48.Rh8+  1-0

[Event "21st World Seniors"]
[Site "Rijeka CRO"]
[Date "2011.11.26"]
[Round "11.9"]
[White "Mishuchkov,N"]
[Black "Pritchett,C"]
[Result "1/2-1/2"]
[WhiteElo "2418"]
[BlackElo "2343"]

1.d4 Nf6 2.Nf3 e6 3.c4 Bb4+ 4.Bd2 a5 5.g3 d6 6.Bg2 Nbd7 7.O-O e5 8.Bg5 exd4
9.Nxd4 O-O 10.a3 Bc5 11.Nc3 h6 12.Bxf6 Nxf6 13.Na4 Ba7 14.Nb5 Bb8 15.b4 c6
16.Nd4 axb4 17.axb4 Bd7 18.b5 d5 19.bxc6  1/2-1/2

[Event "TCh-HUN 2011-12"]
[Site "Budapest HUN"]
[Date "2011.11.27"]
[Round "4"]
[White "Gyimesi,Z"]
[Black "Szabo,Zso2"]
[Result "1-0"]
[WhiteElo "2646"]
[BlackElo "2432"]

1.d4 Nf6 2.c4 e6 3.Nf3 Bb4+ 4.Bd2 Qe7 5.g3 Nc6 6.Nc3 Bxc3 7.Bxc3 Ne4 8.Rc1 d6
9.Bg2 O-O 10.d5 Nb8 11.Nd2 Nxc3 12.Rxc3 e5 13.O-O Nd7 14.b4 a5 15.a3 axb4
16.axb4 f5 17.Qb3 b6 18.Qb2 Nf6 19.Ra1 Rxa1+ 20.Qxa1 e4 21.Ra3 b5 22.cxb5 Qf7
23.Qd4 Qxd5 24.Qxd5+ Nxd5 25.f3 Nxb4 26.fxe4 Nc2 27.Ra4 Bd7 28.Rc4 Ne3 29.Rxc7 Bxb5
30.Bf3 h6 31.Kf2 fxe4 32.Nxe4 Nf5 33.Ke1 Ba6 34.Ra7 Bc8 35.g4 Ne3 36.h3 d5
37.Nc3 d4 38.Nb5 d3 39.Be4 dxe2 40.Kxe2 Nxg4 41.hxg4 Bxg4+ 42.Ke3 Bf5 43.Bd5+ Kh8
44.Nd4 Bg4 45.Nc6 Bf5 46.Ne5 Kh7 47.Re7 Rd8 48.Bf7 Ra8 49.Kf4 Bb1 50.Nd7 Kh8
51.Bd5 Rd8 52.Ke5 Bg6 53.Kd4 Bf5 54.Ne5 Kh7 55.Nf7 Rb8 56.Rc7 Rf8 57.Nd6 Bg6
58.Nc8 Kh8 59.Ne7 Bh7 60.Ke5 g5 61.Be6 h5 62.Nd5 Bg6 63.Nf6 Rb8 64.Nd7 Re8
65.Kf6 g4 66.Kxg6 Rxe6+ 67.Nf6  1-0

[Event "TCh-HUN 2011-12"]
[Site "Budapest HUN"]
[Date "2011.11.27"]
[Round "4"]
[White "Karolyi,T jr"]
[Black "Amstadt,A"]
[Result "1/2-1/2"]
[WhiteElo "2346"]
[BlackElo "2250"]

1.d4 Nf6 2.c4 e6 3.Nf3 Bb4+ 4.Bd2 Qe7 5.g3 Nc6 6.Nc3 b6 7.Bg2 Bb7 8.O-O Na5
9.b3 Ne4 10.Nxe4 Bxe4 11.Bxb4 Qxb4 12.Ne5  1/2-1/2

[Event "TCh-CZE Liga1 Vychod"]
[Site "Czech Rep CZE"]
[Date "2011.11.27"]
[Round "4"]
[White "Sevcik,V"]
[Black "Mudrak,J"]
[Result "0-1"]
[WhiteElo "2247"]
[BlackElo "2368"]

1.d4 Nf6 2.c4 e6 3.Nf3 Bb4+ 4.Bd2 Bxd2+ 5.Qxd2 d6 6.Nc3 O-O 7.e4 Nc6 8.Rd1 Qe7
9.Be2 e5 10.d5 Nb8 11.O-O a5 12.Ne1 Na6 13.Nd3 Bd7 14.Rde1 Nb4 15.Bd1 c6
16.Nc1 cxd5 17.exd5 Rac8 18.b3 Rfe8 19.a3 Na6 20.Be2 h6 21.Qb2 Qd8 22.b4 e4
23.Nd1 axb4 24.axb4 b5 25.Ne3 Qb6 26.Na2 Qb8 27.Qa3 Nc7 28.Rd1 bxc4 29.Bxc4 Bb5
30.Bxb5 Nxb5 31.Qb3 Qa7 32.Rfe1 Qb7 33.Nc4 Nd7 34.Na5 Qb6 35.Qe3 Rc2 36.Nc1 Nc3
37.Qxb6 Nxb6 38.Rd4 Rxc1  0-1

[Event "25th Belgrade Trophy"]
[Site "Obrenovac SRB"]
[Date "2011.12.02"]
[Round "9.7"]
[White "Indjic,A"]
[Black "Lajthajm,B"]
[Result "1/2-1/2"]
[WhiteElo "2411"]
[BlackElo "2500"]

1.d4 Nf6 2.c4 e6 3.Nf3 Bb4+ 4.Bd2 Qe7 5.Qc2 Bxd2+ 6.Nbxd2 d6 7.e4 e5 8.g3 Bg4
9.Bg2 Bxf3 10.Nxf3 O-O 11.O-O a5 12.b3 c5 13.d5 g6 14.Ne1 Nbd7 15.Nd3 a4
16.Qc3 axb3 17.axb3 b6 18.f3 Rfb8 19.b4 Ne8 20.Bh3 Ndf6 21.b5 h5 22.Rac1 Nh7
23.f4 exf4 24.Rxf4 Ng5 25.Bg2 f6 26.h4 Nh7 27.g4 Ra2 28.Ra1 Rxa1+ 29.Qxa1 g5
30.hxg5 fxg5 31.Rf1 h4 32.e5 dxe5 33.Nxe5 Nd6 34.Qc3 Re8 35.Re1 Qf6 36.Be4 Nf8
37.Bc2 Nf7 38.Qf3 Qxf3 39.Nxf3 Rxe1+ 40.Nxe1 Ne5 41.Bd3 Kf7 42.Be2 Nfg6 43.Ng2 h3
44.Ne3 Nf4 45.Bf1 Kf6 46.Kh2 Nf7 47.Bxh3 Ke5 48.Bf1 Ke4 49.Nf5 Kf3 50.Bh3 Kf2
51.d6 Ne5 52.d7 Nxd7 53.Nd6 Ne5 54.Ne4+ Ke3 55.Nxg5 Nxc4 56.Bf1 Nd6 57.Kg3 Nd3
58.Bxd3 Kxd3 59.Nf3 c4 60.g5 c3 61.g6 Kc4 62.Ne1 Kxb5 63.Kf4 Ne8 64.Ke5 Kc4
65.Ke6 b5 66.Kf7 Nd6+ 67.Ke6 Ne8 68.Kf7  1/2-1/2

[Event "XVII Navalmoral Open"]
[Site "Navalmoral de la Mata ESP"]
[Date "2011.12.03"]
[Round "1"]
[White "Melero Fidalgo,J"]
[Black "Fedorchuk,S"]
[Result "0-1"]
[WhiteElo "2221"]
[BlackElo "2632"]

1.d4 Nf6 2.c4 e6 3.Nf3 Bb4+ 4.Bd2 a5 5.g3 b6 6.Bg2 Bb7 7.O-O O-O 8.Nc3 d6
9.Rc1 Nbd7 10.Re1 h6 11.Nh4 Bxg2 12.Nxg2 e5 13.d5 Nc5 14.f3 Qd7 15.Qc2 Nh7
16.g4 f5 17.gxf5 Rxf5 18.Ne3 Rh5 19.Ng4 Rf8 20.Kh1 Qf5 21.Rg1 Kh8 22.Qxf5 Rhxf5
23.Be3 Bxc3 24.Rxc3 Ng5 25.Kg2 Nd7 26.b3 Kh7 27.h4 Nf7 28.a3 Nh8 29.b4 axb4
30.axb4 Ng6 31.Ra1 Nxh4+ 32.Kg3 Rh5 33.Ra7 Nf5+ 34.Kf2 Rc8 35.Kg2 Ne7 36.Rb7 Rf5
37.Ra3 Rf7 38.Raa7 h5 39.Nh2 Nf5 40.Bf2 Nd4 41.Bxd4 exd4 42.Rxc7 Rxc7 43.Rxc7 Kg6
44.Rc6 Rf6 45.f4 Kf5 46.Kf3 g5 47.fxg5 Kxg5+ 48.Ke4 Rf4+ 49.Kd3 Ne5+ 50.Kd2 Rf2  0-1

[Event "TCh-BEL 2011-12"]
[Site "Belgium BEL"]
[Date "2011.12.04"]
[Round "5.5"]
[White "De Haan,E"]
[Black "Klyuner,V"]
[Result "1/2-1/2"]
[WhiteElo "2323"]
[BlackElo "2428"]

1.d4 Nf6 2.c4 e6 3.Nf3 Bb4+ 4.Bd2 Qe7 5.g3 O-O 6.Bg2 Nc6 7.O-O Bxd2 8.Qxd2 d6
9.Nc3 a5 10.h3 e5 11.Nd5 Qd8 12.Rad1 Re8 13.Qg5 h6 14.Nxf6+ Qxf6 15.Qxf6 gxf6
16.e3 Ra6 17.c5 dxc5 18.dxc5 Be6 19.Nh4 a4 20.g4 Ra5 21.Nf5 h5 22.b3 hxg4
23.hxg4 axb3 24.axb3 Rb5 25.f4 Rxb3 26.Bd5 Rc3 27.Bxc6 bxc6 28.fxe5 fxe5
29.Nh6+ Kg7 30.Nf5+ Kg6 31.Rd2 Rh8 32.Ne7+ Kg5 33.Nxc6 Rxc5 34.Nd8 Rh7 35.Rdf2 Bxg4
36.Nxf7+ Kg6 37.Rg2 Rh4 38.e4 Kh7 39.Ng5+ Kh6 40.Nf7+ Kh7 41.Ng5+ Kh6 42.Nf7+ Kh7  1/2-1/2

[Event "TCh-CZE Extraliga 2011-12"]
[Site "Czech Republic CZE"]
[Date "2011.12.04"]
[Round "4.5"]
[White "Jedlicka,A"]
[Black "Mudrak,J"]
[Result "0-1"]
[WhiteElo "2262"]
[BlackElo "2368"]

1.d4 Nf6 2.Nf3 e6 3.c4 Bb4+ 4.Bd2 Bxd2+ 5.Qxd2 d6 6.g3 O-O 7.Bg2 Nbd7 8.O-O e5
9.Nc3 h6 10.e4 Re8 11.Rfe1 c6 12.d5 c5 13.a4 Nb8 14.a5 Na6 15.Nh4 Bd7 16.f4 exf4
17.gxf4 Nh5 18.Nf3 Qf6 19.e5 Qxf4 20.Qxf4 Nxf4 21.exd6 Ng6 22.Nb5 Bxb5 23.cxb5 Nb4
24.Nd2 Red8 25.Rec1 Nf4 26.Rxc5 Rxd6 27.Bf3 Nbxd5 28.a6 b6 29.Rc6 Rad8 30.Re1 Rxc6
31.bxc6 Nc7 32.Nc4 Nfe6 33.Ne5 Rd2 34.b4 Rd4 35.Bg4 Ng5 36.Bh5 g6 37.Bd1 Kg7
38.Kg2 Rxb4 39.Nd3 Rc4 40.h4 Nge6 41.Ne5 Rc3 42.Bf3 Nd4 43.Be4 f5 44.Rd1 Nde6
45.Bf3 g5 46.Rd7+ Kf6 47.Nf7 g4 48.Bd1 Rxc6 49.Nxh6 b5 50.Ng8+ Ke5 51.Kf2 Rxa6
52.h5 Ra2+ 53.Kg3 Ra3+ 54.Kf2 Nd5 55.h6 Rh3 56.h7 Nf6 57.Nxf6 Kxf6 58.Bb3 Ng5  0-1

[Event "TCh-CZE Extraliga 2011-12"]
[Site "Czech Republic CZE"]
[Date "2011.12.04"]
[Round "4.1"]
[White "Babula,V"]
[Black "Polak,T"]
[Result "1/2-1/2"]
[WhiteElo "2572"]
[BlackElo "2543"]

1.d4 Nf6 2.Nf3 e6 3.c4 Bb4+ 4.Bd2 a5 5.Nc3 b6 6.e3 Bb7 7.Bd3 O-O 8.O-O d6
9.Re1 Nbd7 10.e4 e5 11.Nd5 Bxd2 12.Qxd2 Re8 13.Bc2 c6 14.Nc3 Qe7 15.Rad1 Rad8
16.Ba4 g6 17.a3 Rf8 18.Qg5 Kg7 19.d5 h6 20.Qd2 c5 21.Bc2 Nh7 22.g3 Bc8 23.Nh4 Ndf6
24.Na4 Nd7 25.Rf1 Rde8 26.Rde1 Ng5 27.Kh1 Qd8 28.Nc3 Ba6 29.Bd3 Nh7 30.Re2 Bc8
31.Qe1 Ndf6 32.f3 Bh3 33.Rg1 Nh5 34.Nd1 Kh8 35.Ne3 Bd7 36.Rf1 Bh3 37.Rg1 Bd7
38.Rf1 Bh3 39.Rg1 Bd7  1/2-1/2

[Event "XVII Navalmoral Open"]
[Site "Navalmoral de la Mata ESP"]
[Date "2011.12.04"]
[Round "3"]
[White "Mirzoev,A"]
[Black "Fedorchuk,S"]
[Result "0-1"]
[WhiteElo "2510"]
[BlackElo "2632"]

1.d4 Nf6 2.Nf3 e6 3.c4 Bb4+ 4.Bd2 a5 5.g3 b6 6.Bg2 Bb7 7.O-O O-O 8.Nc3 d6
9.Rc1 Nbd7 10.Qc2 Qb8 11.Rfd1 Bxc3 12.Qxc3 h6 13.Be1 Rc8 14.Bh3 c5 15.b3 d5
16.cxd5 Bxd5 17.Qb2 a4 18.dxc5 bxc5 19.Nd2 Ne5 20.Qc3 axb3 21.axb3 Ra3 22.Ra1 Rxa1
23.Rxa1 Rc6 24.Bf1  0-1

[Event "XVII Navalmoral Open"]
[Site "Navalmoral de la Mata ESP"]
[Date "2011.12.06"]
[Round "7"]
[White "Campora,D"]
[Black "Khamrakulov,I"]
[Result "1-0"]
[WhiteElo "2493"]
[BlackElo "2518"]

1.d4 Nf6 2.c4 e6 3.Nf3 Bb4+ 4.Bd2 Bxd2+ 5.Qxd2 O-O 6.Nc3 d5 7.e3 b6 8.Be2 dxc4
9.Bxc4 Bb7 10.O-O Nbd7 11.Rfd1 Ne4 12.Nxe4 Bxe4 13.Qe2 Qe7 14.Rac1 Rad8 15.Nd2 Bd5
16.Bb5 Nb8 17.Nf3 Bb7 18.Bd3 Rc8 19.Rc3 c5 20.Rdc1 cxd4 21.Nxd4 g6 22.Rxc8 Rxc8
23.Rxc8+ Bxc8 24.Qc2 Bb7 25.h3 a6 26.Be4 Bxe4 27.Qxe4 Qc7 28.f4 Kg7 29.Kh2 Qd6
30.b4 Nd7 31.Qd3 Qd5 32.Qxa6 Nf8 33.Qxb6 Qxa2  1-0